Ciudades leonesas - ¡Muerte súbita! - Estadísticas

Estadísticas generales
  • Esta prueba ha sido intentada 127 veces
  • La puntuación promedio es 7 de 16
Answers on the Grid
Answers color-coded by a green-red scale on the quiz's grid according to % correct below.
Armiñón
Salvatierra de Esca
Salamanca
Villasbuenas de Gata
Navalperal de Tormes
León
Cangas del Narcea
Santo Domingo de la Calzada
Zamora
Ponferrada
Calatayud
San Carlos de la Rápita
Ciudad Rodrigo
Béjar
Corella
Benavente
Alfaro
Valverde de la Virgen
Carbajosa de la Sagrada
Santibáñez de Valcorba
Torrelavega
Peñaranda de Bracamonte
San Andrés del Rabanedo
Miranda de Duero
Bembibre
Miranda de Ebro
La Bañeza
Salas de los Infantes
Santa Marta de Tormes
Ataun
Villaquilambre
Toro
 
Estadísticas de respuestas
Respuesta % Correcto
León
96%
Ponferrada
79%
La Bañeza
65%
Bembibre
62%
San Andrés del Rabanedo
56%
Villaquilambre
54%
Salamanca
46%
Zamora
46%
Benavente
38%
Ciudad Rodrigo
35%
Toro
35%
Valverde de la Virgen
34%
Santa Marta de Tormes
28%
Béjar
27%
Carbajosa de la Sagrada
15%
Peñaranda de Bracamonte
15%
No se encontraron pruebas coincidentes
Distribución de puntuación
Porcentaje de gente con cada puntuación
Porcentaje por número respondido
Historial de tus puntuaciones
No has intentado esta prueba.